James Hong Filmography - Statistics

General Stats
  • This quiz has been taken 31 times
    3 since last reset
  • The average score is 11 of 456
Answer Stats
Type Year Name % Correct
Film 1986 Big Trouble in Little China
100%
Video Game 1998 Disney's Animated Storybook: Mulan
100%
Film 2022 Everything Everywhere All at Once
100%
Film 1998 Mulan
100%
TV Show 2005, 2006 Avatar: The Last Airbender
50%
TV Show 1960 Bonanza
50%
TV Show 1972-1975 Kung Fu
50%
Film 2008 Kung Fu Panda
50%
Video Game 2008 Kung Fu Panda
50%
Film 2011 Kung Fu Panda 2
50%
Video Game 2011 Kung Fu Panda 2
50%
Film 2016 Kung Fu Panda 3
50%
Film 2024 Kung Fu Panda 4
50%
TV Short 2010 Kung Fu Panda Holiday
50%
TV Show 2011-2016 Kung Fu Panda: Legends of Awesomeness
50%
TV Show 2004 Malcolm in the Middle
50%
TV Show 1991 Seinfeld
50%
Film 2022 Turning Red
50%
TV Show 2003 10-8: Officers on Duty
0%
TV Show 2012 2 Broke Girls
0%
TV Show 1962 87th Precinct
0%
Film 2019 Abominable
0%
TV Show 1961, 1962 Adventures in Paradise
0%
Film 2007 Adventures of Johnny Tao: Rock Around the Dragon
0%
Film 1980 Airplane!
0%
TV Show 1985 Airwolf
0%
Short Film 2013 A James Hong Film
0%
TV Show 1960 Alcoa Presents: One Step Beyond
0%
TV Show 2001 Alias
0%
TV Show 1971, 1975 All in the Family
0%
Video Game 2010 Alpha Protocol
0%
Web Series 2023 American Born Chinese
0%
Film 2005 American Fusion
0%
TV Show 1985 American Playhouse
0%
TV Film 2007 An Accidental Christmas
0%
TV Show 2007 Andy Barker, P.I.
0%
TV Show 1972 Anna and the King
0%
TV Show 2011 A.N.T. Farm
0%
TV Show 2011 Archer
0%
TV Film 1971 A Tattered Web
0%
Music Video 2024 ...Baby One More Time
0%
TV Show 1959, 1960 Bachelor Father
0%
Film 1995 Bad Company
0%
Film 2007 Balls of Fury
0%
TV Show 1976 Baretta
0%
TV Show 1973 Barnaby Jones
0%
Film 2021 Batman: Soul of the Dragon
0%
TV Show 1959 Bat Masterson
0%
Film 1957 Battle Hymn
0%
Film 2020 Beast Mode
0%
TV Show 1988 Beauty and the Beast
0%
TV Show 1965 Ben Casey
0%
TV Film 1977 Bethune
0%
Film 1990 Bethune: The Making of a Hero
0%
Film 2016 Better Criminal
0%
TV Show 1976 Black Sheep Squadron
0%
Film 1987 Black Widow
0%
TV Film 1985 Blade in Hong Kong
0%
Film 1982 Blade Runner
0%
Video Game 1997 Blade Runner
0%
Film 1955 Blood Alley
0%
Film 1959 Blood and Steel
0%
Film 1997 Bloodsport III
0%
Film 1996 Bloodsport II: The Next Kumite
0%
Film 2013 Blunt Movie
0%
Film 1992 Body Trouble
0%
TV Show 2007 Bones
0%
TV Show 1990 Booker
0%
Film 1976 Bound for Glory
0%
Film 1998 Breakout
0%
Film 1983 Breathless
0%
TV Show 1983 Bring 'Em Back Alive
0%
Film 1998 Broken Vessels
0%
TV Mini-Series 1989 Brotherhood of the Rose
0%
Video Game 2002 Bruce Lee: Quest of the Dragon
0%
TV Show 1958 Buckskin
0%
Commercial 2008 Burger King
0%
TV Show 1985 Cagney & Lacey
0%
Video Game 2010 Call of Duty: Black Ops
0%
Video Game 2012 Call of Duty: Black Ops II
0%
TV Show 1975 Cannon
0%
Film 1997 Catherine's Grove
0%
TV Show 1955 Cavalcade of America
0%
TV Show 1967 CBS Playhouse
0%
TV Show 2004 Center of the Universe
0%
TV Show 1978 Charlie's Angels
0%
TV Show 2001 Charmed
0%
TV Show 1962 Checkmate
0%
TV Show 1961 Cheyenne
0%
TV Show 1995 Chicago Hope
0%
Film 2007 Chill Out, Scooby-Doo!
0%
TV Show 1990 China Beach
0%
Film 1957 China Gate
0%
Film 1974 China Girl
0%
Film 1987 China Girl
0%
TV Show 2013 China, IL
0%
TV Film 1983 China Rose
0%
Film 1974 Chinatown
0%
Film 2006 Choose Your Own Adventure: The Abominable Snowman
0%
TV Show 2009 Chowder
0%
TV Show 2007 Chuck
0%
TV Show 1959 Cimarron City
0%
Film 1970 Colossus: The Forbin Project
0%
TV Film 1994 Come Die with Me: A Mickey Spillane's Mike Hammer Mystery
0%
TV Show 1986 Crazy Like a Fox
0%
Film 1991 Crime Lords
0%
Film 2019 Cross: Rise of the Villains
0%
TV Show 1956 Crossroads
0%
TV Show 1956 Crusader
0%
Film 2014 Crystal Crisis
0%
Film 1995 Cyber Bandits
0%
TV Show 1981 Dallas
0%
TV Show 1967-1985 Days of Our Lives
0%
Film 1989 Deadlock
0%
TV Show 1959 Death Valley Days
0%
Video Game 2007 Def Jam: Icon
0%
Film 1966 Destination Inner Space
0%
TV Show 1997, 2001 Dexter's Laboratory
0%
Video Game 2012 Diablo III
0%
Video Game 2014 Diablo III: Reaper of Souls
0%
Video Game 2023 Diablo IV
0%
TV Show 1995 Diagnosis: Murder
0%
TV Show 1979 Diff'rent Strokes
0%
TV Show 1991-1992 Doogie Howser, M.D.
0%
TV Show 1985 Double Dare
0%
TV Show 1958 Dragnet
0%
TV Film 2006 Dragon Dynasty
0%
Film 1990 Dragonfight
0%
Film 1954 Dragonfly Squadron
0%
Film 2019 Dropa
0%
TV Film 1978 Dr. Scorpion
0%
TV Show 2014 Drunk History
0%
Film 1974 Dynamite Brothers
0%
TV Show 1983 Dynasty
0%
TV Film 1971 Earth II
0%
TV Show 2016 Elementary
0%
TV Show 1997 Ellen
0%
Documentary 1995 Encyclopedia of Martial Arts: Hollywood Celebrities
0%
TV Show 1962, 1963 Ensign O'Toole
0%
TV Film 2001 Epoch
0%
Film 2006 Exit 38
0%
TV Show 2017 Explosion Jones
0%
TV Show 1983 Falcon Crest
0%
TV Show 1968, 1969 Family Affair
0%
TV Show 2023 Family Guy
0%
TV Show 1980 Fantasy Island
0%
Film 1971 Fearless Fighters
0%
Film 1994 Femme Fontaine: Killer Babe for the C.I.A.
0%
TV Show 1958 Flight
0%
Film 1956 Flight to Hong Kong
0%
Film 1961 Flower Drum Song
0%
Film 2005 Forbidden Warrior
0%
TV Show 1992 Forever Knight
0%
Film 2016 Fortune Cookie
0%
TV Show 1956 Four Star Playhouse
0%
TV Film 1990 Framed
0%
TV Show 1997 Friends
0%
Film 1999 G2
0%
TV Show 1958 General Electric Theater
0%
TV Show 1983 General Hospital
0%
TV Show 2010 Generator Rex
0%
Short Film 2015 Genghis Khan Conquers the Moon
0%
Film 2010 Genghis Khan: The Story of a Lifetime
0%
Film 2003 Ghost Rock
0%
TV Show 1989 Gideon Oliver
0%
TV Show 2001 Gideon's Crossing
0%
TV Show 2010 Gigantic
0%
Film TBA Gimme My Money
0%
Film 1995 Gladiator Cop
0%
Film 1956 Godzilla, King of the Monsters!
0%
TV Show 1967 Gomer Pyle, U.S.M.C.
0%
Film 1991 Goodbye Paradise
0%
Film 1978 Go Tell the Spartans
0%
Web Series 2022-Present Gremlins: Secrets of the Mogwai
0%
Film 1995 Guns and Lipstick
0%
TV Show 1997 Hangin' with Mr. Cooper
0%
TV Show 1995, 1997 Happily Ever After: Fairy Tales for Every Child
0%
TV Show 1975, 1976 Harry O
0%
TV Film 1987 Harry's Hong Kong
0%
TV Show 1979 Hart to Hart
0%
TV Show 1962 Have Gun - Will Travel
0%
TV Show 1960-1961 Hawaiian Eye
0%
TV Show 2018 Hawaii Five-0
0%
TV Show 1969, 1971, 1974 Hawaii Five-O
0%
TV Show 1970 Here's Lucy
0%
Film 2002 Hero
0%
TV Show 1996 Home Improvement
0%
TV Show 1960 Hong Kong
0%
Film TBA Honorary Male
0%
Film 1972 Hot Connections
0%
Film 1988 Hot to Trot
0%
TV Show 1982 House Calls
0%
Film 2010 How to Make Love to a Woman
0%
TV Show 1985, 1988 Hunter
0%
TV Show 1966 I Dream of Jeannie
0%
TV Show 2010, 2011 I'm in the Band
0%
TV Show 2007 In Case of Emergency
0%
TV Show 2013 Incredible Crew
0%
Film 1996 Infinity
0%
Film 2014 In Search of the Crystal
0%
TV Film 1983 Inspector Perez
0%
TV Show 1966, 1967 Iron Horse
0%
TV Show 1973 Ironside
0%
TV Show 1965-1967 I Spy
0%
TV Show 1986 It's a Living
0%
TV Show 2002-2004 Jackie Chan Adventures
0%
TV Show 1989 Jake and the Fatman
0%
TV Show 1955 Jane Wyman Presents The Fireside Theatre
0%
TV Show 1976 Jigsaw John
0%
TV Show 1960 Johnny Ringo
0%
TV Film 1974 Judge Dee and the Monastery Murders
0%
Video Game 2018 Judgement
0%
Film 2012 Junk
0%
TV Show 1964 Kentucky Jones
0%
TV Show 2013 Key & Peele
0%
TV Show 1975 Khan!
0%
Short Film 2016 Kung Fu Panda: Secrets of the Scroll
0%
Video Game 2015 Kung Fu Panda: Showdown of Legendary Legends
0%
Web Series 2022-2023 Kung Fu Panda: The Dragon Knight
0%
Web Series 2018-2019, 2022 Kung Fu Panda: The Paws of Destiny
0%
TV Show 1994, 1996 Kung Fu: The Legend Continues
0%
Film 1993 L.A. Goddess
0%
TV Film 1990 Last Flight Out
0%
TV Film 1978 Last of the Good Guys
0%
TV Show 2006 Las Vegas
0%
Film 2004 Latin Dragon
0%
TV Show 2004 Law & Order: Special Victims Unit
0%
TV Film 1988 Leap of Faith
0%
TV Show 1995 Legend
0%
TV Show 1959 Letter to Loretta
0%
TV Show 1995 Lois & Clark: The New Adventures of Superman
0%
Music Video 2012 Lo Pan Style
0%
TV Show 2003 Lost at Home
0%
Film 1955 Love Is a Many-Splendored Thing
0%
TV Show 1986, 1987, 1991 MacGyver
0%
TV Show 1987 Magnum, P.I.
0%
TV Show 1996 Malcolm & Eddie
0%
TV Film 1979 Mandrake
0%
TV Show 1983 Manimal
0%
TV Mini-Series 1982-1983 Marco Polo
0%
Video Game 2013 Marlow Briggs and the Mask of Death
0%
TV Show 1999, 2000 Martial Law
0%
TV Show 2015 Marvel's Agents of S.H.I.E.L.D.
0%
TV Show 1978 Maude
0%
Film 1997 McHale's Navy
0%
TV Show 1975 McMillan & Wife
0%
Video Game 2005 Mercenaries: Playground of Destruction
0%
TV Show 1964, 1965 Mickey
0%
TV Show 2013 Mike and Corey in LaLa Land
0%
TV Show 2015, 2016 Mike Tyson Mysteries
0%
TV Show 1999 Millennium
0%
Film 1984 Missing in Action
0%
Film 1991 Missing Pieces
0%
TV Show 1971 Mission: Impossible
0%
Film 2015 Monkey King: Hero Is Back
0%
TV Show 1991 Morton & Hayes
0%
TV Show 1997 Murphy Brown
0%
TV Film 1978 My Husband Is Missing
0%
Film 1991 Mystery Date
0%
TV Mini-Series 1991 Naked Hollywood
0%
Video Game 2005 Narc
0%
TV Show 1996 Nash Bridges
0%
TV Show 1990 Nasty Boys
0%
TV Show 1956 NBC Matinee Theater
0%
Film 1959 Never So Few
0%
Film 1984 Ninja III: The Domination
0%
TV Show 2017 Nobodies
0%
Film 1968 Nobody's Perfect
0%
Film 1976 No Deposit, No Return
0%
Film 1993 October 32nd
0%
Film 2006 One Night with You
0%
Film 1966 One Spy Too Many
0%
Film 1994 Operation Golden Phoenix
0%
TV Show 1987 Outlaws
0%
TV Show 2011-2013 Pair of Kings
0%
TV Show 1981 Palmerstown, U.S.A.
0%
TV Film 1977 Panic in Echo Park
0%
Film 1996 Paper Dragons
0%
TV Film 1990 Partners in Life
0%
TV Show 2017 Penn Zero: Part-Time Hero
0%
TV Show 1962, 1963 Perry Mason
0%
TV Show 1959 Peter Gunn
0%
Film 2025 Pinocchio and the Water of Life
0%
TV Show 1958 Playhouse 90
0%
TV Show 2021 Poorly Drawn Lines
0%
TV Show 2023 Praise Petey
0%
Short Film 2003 Pray Another Day
0%
Video Game 2017 Prey
0%
Video Game 2005 Project: Snowblind
0%
TV Film 1973 Pueblo
0%
TV Show 1992 Raven
0%
Web Series 2017 Real Rob
0%
Film 1997 Red Corner
0%
TV Show 2012, 2015, 2016 Regular Show
0%
TV Show 1960 Rescue 8
0%
Film 1987 Revenge of the Nerds II: Nerds in Paradise
0%
TV Show 1959, 1960 Richard Diamond, Private Detective
0%
Film 2013 R.I.P.D.
0%
Short Film 2023 Rock Inn
0%
TV Show 2016 Rush Hour
0%
Film 2012 Safe
0%
TV Show 1979 Salvage 1
0%
TV Show 1985, 1987 Santa Barbara
0%
TV Show 2011 Scooby-Doo! Mystery Incorporated
0%
Film 1990 Shadowzone
0%
Film 2007 Shanghai Kiss
0%
Film 2018 Sherlock Gnomes
0%
Film 1999 Singapore Sling
0%
TV Show 1996 Sisters
0%
TV Show 1956 Sky King
0%
TV Show 1964 Slattery's People
0%
Video Game 2012 Sleeping Dogs
0%
TV Show 1981 Soap
0%
Film 1981 So Fine
0%
Film 1955 Soldier of Fortune
0%
Film 1996 South Beach Academy
0%
TV Show 1977 Starsky & Hutch
0%
TV Show 2015, 2016 Star Wars Rebels
0%
TV Show 2014 Star Wars: The Clone Wars
0%
TV Show 1983 St. Elsewhere
0%
TV Show 1959 Steve Canyon
0%
TV Show 1987 Stingray
0%
TV Film 2004 Sucker Free City
0%
TV Show 1960 Sugarfoot
0%
TV Film 2013 Summoned
0%
TV Film 1973 Sunshine
0%
TV Show 2015 SuperMansion
0%
TV Show 2004, 2006 Super Robot Monkey Team Hyperforce Go!
0%
TV Show 1976 S.W.A.T.
0%
TV Show 1993 SWAT Kids: The Radical Squadron
0%
TV Show 1977-1978 Switch
0%
TV Show 1985 Tales from the Darkside
0%
Film 1992 Talons of the Eagle
0%
Film 1989 Tango & Crash
0%
Short Film 2011 Tattoo
0%
TV Show 1979 Taxi
0%
Film 1989 Tax Season
0%
TV Show 2014, 2017 Teenage Mutant Ninja Turtles
0%
Film 1979 Teen Lust
0%
TV Show 2004 Teen Titans
0%
TV Show 2020 Teen Titans Go!
0%
TV Show 1993, 1994 The Adventures of Brisco County, Jr.
0%
Film 2006 The Adventures of Johnny Tao: A Kung Fu Fable
0%
TV Show 1959 The Adventures of Rin Tin Tin
0%
Film 2000 The Art of War
0%
TV Show 1984, 1985 The A-Team
0%
Film 1968 The Bamboo Saucer
0%
TV Show 1960, 1961 The Barbara Stanwyck Show
0%
TV Show 2009 The Beast
0%
TV Show 2007, 2008 The Big Bang Theory
0%
Film 2002 The Biggest Fan
0%
TV Show 1970 The Bill Cosby Show
0%
TV Show 1977 The Bionic Woman
0%
TV Show 2016 The Blacklist
0%
TV Show 1976 The Blue Knight
0%
TV Show 1972 The Bob Newhart Show
0%
TV Show 1958, 1959 The Californians
0%
Film 1972 The Carey Treatment
0%
TV Show 2001 The Chronicle
0%
Short Film 2000 The Curio Trunk
0%
Film 2008 The Day the Earth Stood Still
0%
TV Show 2001, 2002 The Division
0%
Film 2015 The Dog Who Saved Summer
0%
TV Show 1966 The Donna Reed Show
0%
TV Show 1998 The Drew Carey Show
0%
TV Show 1982 The Dukes of Hazzard
0%
TV Show 1988 The Equalizer
0%
TV Show 1984 The Fall Guy
0%
TV Show 1966 The F.B.I.
0%
TV Show 2013 The First Family
0%
TV Film 1971 The Forgotten Man
0%
TV Show 1965 The Fugitive
0%
TV Show 1959 The Gale Storm Show
0%
Film 2001 The Ghost
0%
Film 1986 The Golden Child
0%
TV Show 1978 The Hardy Boys/Nancy Drew Mysteries
0%
Short Film 2019 The Haunted Swordsman
0%
Film 1970 The Hawaiians
0%
Film 1960 The Human Vapor
0%
TV Film 1980 The Hustler of Muscle Beach
0%
Film 2002 The Idol
0%
Film 1979 The In-Laws
0%
TV Show 1961 The Islanders
0%
Film 1989 The Jitters
0%
TV Film 1989 The Karen Carpenter Story
0%
Film 2024 The Keepers of the 5 Kingdoms
0%
TV Show 2006 The King of Queens
0%
TV Film 2018 The Last Sharknado: It's About Time
0%
TV Film 1982 The Letter
0%
TV Show 1962 The Lloyd Bridges Show
0%
Short Film 2016 The Long Arm of the Leprecon
0%
TV Show 2006 The Loop
0%
Film 2013 The Lost Medallion: The Adventures of Billy Stone
0%
TV Show 1956 The Man Called X
0%
TV Show 1965, 1966 The Man from U.N.C.L.E.
0%
TV Show 1956 The Millionaire
0%
TV Film 1974 The Missiles of October
0%
Web Series 2023 The Muppets Mayhem
0%
TV Show 1957-1958 The New Adventures of Charlie Chan
0%
TV Show 1973 The New Perry Mason
0%
TV Show 1963 The Outer Limits
0%
Film 1991 The Perfect Weapon
0%
TV Show 1998 The Practice
0%
TV Show 1999 The Pretender
0%
TV Film 1980 The Return of Frank Cannon
0%
TV Film 1989 The Rocket Boy
0%
TV Show 1976 The Rockford Files
0%
TV Show 1976 The Rookies
0%
Film 1965 The Satan Bug
0%
Film 1996 The Secret Agent Club
0%
Film 1957 The Seventh Sin
0%
Film 1994 The Shadow
0%
TV Mini-Series 1992 The Specialists
0%
TV Show 1976 The Streets of San Francisco
0%
TV Show 2017, 2018 The Thundermans
0%
Film 2024 The Thundermans Return
0%
Film 1990 The Two Jakes
0%
Film 1989 The Vineyard
0%
TV Show 1965-1966 The Wackiest Ship in the Army
0%
TV Show 2000, 2002 The West Wing
0%
Film 1977 The World's Greatest Lover
0%
TV Show 1996 The X-Files
0%
TV Show 1971 The Young Lawyers
0%
TV Show 1967, 1985 This Is the Life
0%
Short Film 2009 Timeless
0%
TV Show 1983 T.J. Hooker
0%
TV Show 1999 Todd McFarlane's Spawn
0%
Film 2015 Tom and Jerry: Spy Quest
0%
TV Show 1958 Tombstone Territory
0%
Film 1990 Too Much Sun
0%
TV Film 2006 Totally Awesome
0%
TV Show 1987, 1988, 1989 Tour of Duty
0%
TV Film 2011 Trinity Goodheart
0%
TV Film 1995 Triplecross
0%
Film 2021 Trollhunters: Rise of the Titans
0%
Film 1981 True Confessions
0%
Video Game 2005 True Crime: New York City
0%
Video Game 2003 True Crime: Streets of LA
0%
TV Show 1955 TV Reader's Digest
0%
TV Show 2006 Twenty Good Years
0%
Film 2017 Unfallen
0%
TV Film 1971 Vanished
0%
Film 1988 Vice Versa
0%
TV Show 1962 Wagon Train
0%
TV Show 1989 War of the Worlds
0%
Film 1993 Wayne's World 2
0%
Film 2022 Wendell and Wild
0%
TV Film 1979 When Hell Was in Session
0%
TV Show 1986 Who's the Boss?
0%
Commercial 2016 Wix.com
0%
TV Show 1977 Wonder Woman
0%
Video Game 2012 World of Warcraft: Mists of Pandaria
0%
Film 1982 Yes, Giorgio
0%
TV Show 2000 Zoe, Duncan, Jack and Jane
0%
TV Show 2008 Zoey 101
0%
TV Show 1959 Zorro
0%
No matching quizzes found
Score Distribution
Percent of People with Each Score
Percentile by Number Answered
Your Score History
You have not taken this quiz since the last reset